Julien Bam Charakters/Part 1 - Statistiken

Allgemein
  • Dieses Quiz wurde 659 mal gespielt
  • Das Durchschnittsergebnis liegt bei 13 aus 19
Antwortstatistiken
Hinweis Antwort % Korrekt
Hauptcharakter Julien
100%
Zeitungslieferin Julia
97%
Bester Freund von der Hauptfigur Joon
96%
Klon-Forscher Rezo
90%
Wächter Osterhase
88%
Wächter Sandman
87%
Wächter Zahnfee
87%
Wächter Santa
85%
Bösewicht Mann im Mond
84%
Gärtner Oskar
75%
Teil von der Ehrenmänner of the Galaxy Miami Rose
73%
Ex-Mann von Stella Thomas
70%
Teil von der Ehrenmänner of the Galaxy Captain Jerky
63%
War mal ein Straßenmusiker Monsieur Piet
46%
Eine Ziffer Null
45%
Teil von der Ehrenmänner of the Galaxy Wahboo
44%
EX-Teil von der Ehrenmänner of the Galaxy Curly
43%
Gebäude Haus
37%
Hatte eine Vergangenheit mit einem der Wächter Der Fremde
34%
Keine übereinstimmenden Quizze gefunden
Verteilung der Resultate
Anzahl Personen mit jedem Resultat
Perzentil nach korrekt beantworteten Fragen
Ihre Resultats-Entwicklung
Sie haben dieses Quiz noch nicht gespielt